Представление документа в формате RUSMARC

Поле Инд. ПП Название Значение
Тип записи a
Библиографический уровень m
001 Контрольный номер RU\bookru\bibl\942523
003 Постоянный идентификатор записи https://book.ru/book/942523
005 Дата корректировки 20230413125600.5
010 a ISBN 978-5-406-08983-5
100 a Данные общей обработки 20210926d2022 mk y0rusy50 ca
101 0_ a Язык текста rus
102 a Страна публикации RU
200 1_ a Заглавие Финансовое право
e Сведения, относящиеся к заглавию учебное пособие
b Общее обозначение материала Электронный ресурс
g Последующие сведения об ответственности под ред. О. А. Даниловой
f Первые сведения об ответственности Данилова О. А., Бабина К. И., Еремина Е. А. [и др.]
203 a Вид содержания Текст : электронный
210 1_ a Место издания Москва
c Издательство КноРус
d Дата издания 2022
215 a Объем 275 с.
225 2_ a Серия Бакалавриат
606 a Основная рубрика Право. Юридические науки
x Основная подрубрика Финансовое право
2 Код системы local
608 a Жанр/форма Учебное пособие
2 Код системы local
675 a Индекс УДК 347.73(075.8)
z Язык издания rus
686 2 Код системы rubbk
702 _1 g Полное личное имя Данилова О. А., ред.
801 _1 a Страна RU
b Организация book_ru
c Дата составления 20210926
g Правила каталогизации RCR
856 4_ u URL https://book.ru/book/942523
a Внешний URL ресурс ЭБС BOOK.ru. Доступ по логину и паролю
901 t Тип документа m
905 a Дата ввода 20230324
952 c Вид литературы учебное пособие